Giria dos gatunos cariocas / (Record no. 41263)

MARC details
000 -LEADER
campo de control de longitud fija 00387nam a2200145 i 4500
001 - NÚMERO DE CONTROL
campo de control 41263
003 - IDENTIFICADOR DE NÚMERO DE CONTROL
campo de control ES-MaACL
005 - FECHA Y HORA DE LA ÚLTIMA TRANSACCIÓN
campo de control 20230906160413.0
007 - CAMPO FIJO DE DESCRIPCIÓN FÍSICA--INFORMACIÓN GENERAL
campo de control de longitud fija t|
008 - DATOS DE LONGITUD FIJA--INFORMACIÓN GENERAL
campo de control de longitud fija 030310s1912 bl ||||1| por d
100 1# - ENTRADA PRINCIPAL--NOMBRE DE PERSONA
Nombre de persona Carvalho, Elysio de.
9 (RLIN) 35958
245 10 - MENCIÓN DEL TÍTULO
Título Giria dos gatunos cariocas /
Mención de responsabilidad, etc. Elysio de Carvalho.
260 ## - PUBLICACIÓN, DISTRIBUCIÓN, ETC.
Lugar de publicación, distribución, etc. Rio de Janeiro :
Nombre del editor, distribuidor, etc. [s.n.,
Fecha de publicación, distribución, etc. 1912]
852 ## - LOCALIZACIÓN
Ubicación ES-MaACL
Número de control de estantería 1593-F-9
Holdings
Estatus retirado Estado de pérdida Estado de daño No para préstamo Colección Biblioteca de origen Biblioteca actual Ubicación en estantería Fecha de adquisición Fuente de adquisición Total de préstamos Signatura topográfica completa Código de barras Visto por última vez Precio de reemplazo Tipo de ítem Koha
        Colección de folletos Biblioteca del Ateneo de Madrid Biblioteca del Ateneo de Madrid Depósito folletos 17/01/2008     1593-F-9 1043441 23/02/2023 23/02/2023 Folleto